00980nam a2200277Ia 4500001000900000003000500009005001700014008004100031010001100072020001800083040000900101082001300110100002200123245008300145260004300228300001000271500001300281650003400294901001300328902000600341905006300347942001500410999001900425952012900444952012900573dia_1716CHAP20230620142747.0220117s1998 xx 000 0 und d a172261 a84-200-0917-2 cCHAP a641.3 M3 aMazza, G.9151403 aAlimentos Funcionales: Aspectos Bioquímicos y de Procesado /c por G. Mazza aZaragoza (España) :b Acribia,c1998 a457 p aI.228705 aAlimentosxbioquímica94173 a641.3 M3 aM a0000001998 MEXA 0000000000ESP00 cLIBRO2ddc c172261d172261 00102ddc40708GRALaIA_bIA_d2022-01-18f1l5o641.3 M3pdia_5999r2024-05-09 00:00:00s2024-05-09t2w2022-01-18yLIBRO 00102ddc40708GRALaIA_bIA_d2022-01-18f1l2o641.3 M3pdia_5146r2024-05-14 00:00:00s2024-05-14t1w2022-01-18yLIBRO